000 00667nam a2200181 a 4500
001 000040139
005 20201002033936.0
008 130808s1972 gt 000 0 spa d
240 1 0 _aPopol vuh.
_lespañol
245 0 _aPopol vuh :
_bel libro sagrado y los mitos de la antigüedad americana /
_cprólogo de Jorge Luis Arriola.
260 _aGuatemala :
_bEditorial Universitaria,
_c1972-- 476 p.
490 1 _aCreación literaria
_v1
700 1 _aArriola, Jorge Luis
_epról.
_966408
700 1 _aBrasseur de Bourbourg
_d1814-1874.
_966409
740 0 _aLibro sagrado y los mitos de la antigüedad americana
803 0 _aCreación literaria
_v1
999 _c39629
_d39629
040 _aDO-SdBNP